Τα γλυπτά της Λέσβου
Αποθηκεύτηκε σε:
| Κύριος συγγραφέας: | |
|---|---|
| Μορφή: | Βιβλίο |
| Γλώσσα: | Greek |
| Δημοσίευση: |
Μυτιλήνη :
Δ. Δούκας & Σία ΟΒΕΕ,
2012.
|
| Θέματα: | |
| Ετικέτες: |
Προσθήκη ετικέτας
Δεν υπάρχουν, Καταχωρήστε ετικέτα πρώτοι!
|
MARC
| LEADER | 00000cam a2200000 a 4500 | ||
|---|---|---|---|
| 001 | 1/116604 | ||
| 008 | 180523s2012####gr o ||| |||| ||gre|| | ||
| 020 | |a 9789609155625 | ||
| 040 | |a GR-MyUa |b gre |c GR-MyUa |e AACR2 | ||
| 041 | 0 | |a gre | |
| 082 | 7 | |a 733.30938 |2 (23) | |
| 100 | 1 | |a Παπάλας, Προκόπης Ι., |d 1958- | |
| 245 | 1 | 3 | |a Τα γλυπτά της Λέσβου / |c Προκόπης Ι. Παπάλας. |
| 260 | |a Μυτιλήνη : |b Δ. Δούκας & Σία ΟΒΕΕ, |c 2012. | ||
| 300 | |a 590 σ. : |b φωτ. ; |c 24 εκ. | ||
| 504 | |a Περιλαμβάνει ευρετήριο. | ||
| 650 | 0 | |a Statues |z Greece |z Lesbos (Municipality) | |
| 852 | |a INST |b LESVOS |e 20180523 |h 733.30938 ΠΑΠ |p 005100060310 |q 005100060310 |t BK |y 0 | ||
| 970 | |z 23-05-2018 | ||